Teatre de putxinel·lis / Ezequiel Vigués "Didó" ; pròleg de Xavier Fàbregas
ISBN:
8429711422
Descripción Física:
126 p.; 22 cm
Otros Autores:
Fàbregas, Xavier, 1931-1985
MARC
| LEADER | 00000nam a2200000Ia 4500 | ||
|---|---|---|---|
| 001 | 23964 | ||
| 008 | 160829s1976 xx 000 0 cat d | ||
| 020 | |a 8429711422 | ||
| 080 | |a Bib-118 | ||
| 100 | |a Vigués, Ezequiel |9 42047 | ||
| 245 | |a Teatre de putxinel·lis / Ezequiel Vigués "Didó" ; pròleg de Xavier Fàbregas | ||
| 250 | |a 2a ed. | ||
| 260 | |a Barcelona : |b Institut del Teatre : |b Edicions 62, |c 1976 | ||
| 300 | |a 126 p.; |c 22 cm | ||
| 490 | |a Monografies de teatre (Institut del Teatre) ; 2 | ||
| 590 | |a Inclou les següents obres : El pot de confitura ; Els coberts de plata ; El testament de l'oncle Serafí ; El convidat ; El pot de llet ; L'ànima del Titella ; El pont de Notre-Dame de París ; Ric Rac ; El desafiu ; El present de bodes, o, els valents ridí | ||
| 650 | 0 | |a Titelles i teatre de titelles |9 35894 | |
| 650 | |a Titelles i teatre de titelles |x Catalunya |9 50442 | ||
| 700 | 1 | |a Fàbregas, Xavier, |d 1931-1985 |9 50443 | |
| 710 | 1 | |a Institut del Teatre (Barcelona, Catalunya) |9 52662 | |
| 901 | |a Arxiu | ||
| 942 | |n 1 | ||
| 952 | |0 0 |1 0 |4 0 |6 BIB118 |7 1 |9 56038 |a Arxiu |b Arxiu |d 2016-12-01 |l 0 |o Bib-118 |p 23964 |r 2016-12-01 00:00:00 |w 2016-12-01 |y ARXIU | ||
| 999 | |c 59912 |d 59912 | ||